Statistics for the lakes quiz

Click here to take the quiz!

General Stats

  • This quiz has been taken 65 times
  • The average score is 194 of 233

Answer Stats

Lyrics% Correct
A
100%
a
100%
I
100%
lakes
100%
me?
100%
me
100%
Take
100%
the
100%
to
100%
all
97%
die
97%
my
97%
poets
97%
went
97%
where
97%
you
97%
but
94%
I'm
94%
it
94%
no
94%
No,
94%
not
94%
and
91%
And
91%
be
91%
of
91%
with
91%
belong,
88%
do
88%
don't
88%
muse
88%
without
88%
cry
85%
Is
85%
like
85%
in
82%
look
82%
perfect
82%
place
82%
want
82%
beloved,
79%
for
79%
how
79%
neither
79%
one
79%
peaks
79%
romantic
79%
Those
79%
off,
76%
out
76%
What
76%
what
76%
are
74%
around
74%
'cause
74%
cell
74%
eulogize
74%
feet,
74%
here
74%
hunters
74%
phones
74%
these
74%
These
74%
tweet
74%
bare
71%
cut
71%
elegies
71%
haven't
71%
I've
71%
moved
71%
over
71%
right
71%
sad
71%
words
71%
worth
71%
years
71%
grow
68%
setting
68%
some
68%
tell
68%
watch
68%
wisteria
68%
auroras
65%
prose
65%
Windermere
65%
cynical
62%
grew
62%
heart
62%
hurt
62%
rose
62%
too
62%
up
62%
waves
62%
cliffside
59%
come
59%
dropping
59%
far
59%
love
59%
name
59%
should
59%
under
59%
bathe
56%
clones
56%
frozen
56%
ice
56%
pools
56%
skin
56%
sleaze
56%
stopping
56%
grief
53%
ground
53%
red
53%
burrowed
47%
calamitous
44%
insurmountable
41%
While
38%

Score Distribution

Percentile by Number Answered

Percent of People with Each Score

Your Score History

You have not taken this quiz